LEADER 01022nam a2200277 i 4500 001 991001002089707536 008 050509s2005 fr b 000 0 fre d 020 $a2130544835 035 $ab13305372-39ule_inst 040 $aDip.to Studi Giuridici$bita 082 0 $a341.481026 100 1 $aSudre, Frédéric$0414020 245 13$aLa Convention européenne des droits de l'homme /$cFrédéric Sudre 250 $a6. ed 260 $aParis :$bPresses universitaires de France,$c2005 300 $a126 p. ;$c18 cm 440 0$aQue sais-je? ;$v2513 504 $aInclude ariferimenti bibliografici (p. 124) 650 4$aDiritti civili$zEuropa 650 4$aDiritti umani$zEuropa 907 $a.b13305372$b02-04-14$c09-05-05 912 $a991001002089707536 945 $aLE027 341.48 SUD01.01$g1$i2027000099719$lle027$o-$pE7.90$q-$rl$sm $t0$u0$v0$w0$x0$y.i14060516$z09-05-05 996 $aConvention europeenne des droits de l'homme$9637430 997 $aUNISALENTO 998 $ale027$b09-05-05$cm$da $e-$ffre$gfr $h3$i0 LEADER 01363nam 2200409 450 001 9910793796303321 010 $a3-8382-6101-1 035 $a(CKB)4100000008340189 035 $a(MiAaPQ)EBC5782413 035 $a(EXLCZ)994100000008340189 100 $a20190610d2012 uy 0 101 0 $ager 135 $aurcnu|||||||| 181 $ctxt$2rdacontent 182 $cc$2rdamedia 183 $acr$2rdacarrier 200 10$aImmigration und Schwierigkeiten im deutschen Alltag $eeine chinesische Migrantin in Deutschland /$fSabine Emde 210 1$aStuttgart :$cIbidem-Verlag,$d[2012] 210 4$d©2012 215 $a1 online resource (101 pages) 225 1 $aKultur-Kommunikation-Kooperation ;$vBand 5 320 $aIncludes bibliographical references (pages [97]-101). 410 0$aKultur-Kommunikation-Kooperation ;$vBand 5. 606 $aImmigrants$xCultural assimilation$zGermany 606 $aMulticuturalism$zGermany 607 $aGermany$xEmigration and immigration 615 0$aImmigrants$xCultural assimilation 615 0$aMulticuturalism 676 $a305.9069120943 700 $aEmde$b Sabine$f1985-$01541716 801 0$bMiAaPQ 801 1$bMiAaPQ 801 2$bMiAaPQ 906 $aBOOK 912 $a9910793796303321 996 $aImmigration und Schwierigkeiten im deutschen Alltag$93794064 997 $aUNINA